000 00550nam a2200181 i 4500
001 31724
003 ES-MaACL
005 20230906154430.0
007 t|
008 030130s1946 ag ||||1| spa d
100 1 _aBaum, Vicki.
_926577
245 1 4 _aUna noche en el Trópico /
_cVicki Baum ; traducción de Luis Echávarri.
250 _a[3ª ed.].
260 _aBuenos Aires :
_bProgreso y Cultura,
_c1946 (
_fThe Standard Publishing)
300 _a249 p. ;
_c20 cm.
700 1 _aEchávarri, Luis.
_946507
852 _aES-MaACL
_jD-8101
_bR.32082
999 _c31724
_d31724